MARC details
| 000 -LEADER |
| fixed length control field |
02402pam a2200553 a 4500 |
| 008 - FIXED-LENGTH DATA ELEMENTS--GENERAL INFORMATION |
| fixed length control field |
100112s2009 nyu 000 1 eng d |
| 020 ## - INTERNATIONAL STANDARD BOOK NUMBER |
| International Standard Book Number |
9780312429256 (pbk.) |
| 020 ## - INTERNATIONAL STANDARD BOOK NUMBER |
| International Standard Book Number |
0312429258 |
| 040 ## - CATALOGING SOURCE |
| Original cataloging agency |
ICrlF |
| Transcribing agency |
ICrlF |
| Modifying agency |
ICrlF |
| 043 ## - GEOGRAPHIC AREA CODE |
| Geographic area code |
e-uk-en |
| -- |
e-uk--- |
| 050 #4 - LIBRARY OF CONGRESS CALL NUMBER |
| Classification number |
PR6123.I575 |
| Item number |
A46 2009 |
| 082 04 - DEWEY DECIMAL CLASSIFICATION NUMBER |
| Classification number |
823/.92 |
| -- |
[Fic] |
| Edition number |
22 |
| 035 ## - SYSTEM CONTROL NUMBER |
| System control number |
(IMchF)fol12728679 |
| 005 - DATE AND TIME OF LATEST TRANSACTION |
| control field |
20241220151752.0 |
| 001 - CONTROL NUMBER |
| control field |
193035 |
| 003 - CONTROL NUMBER IDENTIFIER |
| control field |
DCL |
| 100 1# - MAIN ENTRY--PERSONAL NAME |
| Personal name |
Winspear, Jacqueline, |
| Dates associated with a name |
1955- |
| 9 (RLIN) |
50480 |
| 245 10 - TITLE STATEMENT |
| Title |
Among the mad / |
| Statement of responsibility, etc |
Jacqueline Winspear. |
| 250 ## - EDITION STATEMENT |
| Edition statement |
1st Picador ed. |
| 260 ## - PUBLICATION, DISTRIBUTION, ETC. (IMPRINT) |
| Place of publication, distribution, etc |
New York : |
| Name of publisher, distributor, etc |
Picador, |
| Date of publication, distribution, etc |
2009. |
| 300 ## - PHYSICAL DESCRIPTION |
| Extent |
318 p. ; |
| Dimensions |
21 cm. |
| 490 1# - SERIES STATEMENT |
| Series statement |
Maisie Dobbs novel |
| 510 3# - CITATION/REFERENCES NOTE |
| Name of source |
Library Journal, January 2009 |
| 510 3# - CITATION/REFERENCES NOTE |
| Name of source |
Booklist starred, December 2008 |
| 510 3# - CITATION/REFERENCES NOTE |
| Name of source |
Publisher's Weekly, November 2008 |
| 510 3# - CITATION/REFERENCES NOTE |
| Name of source |
New York Times, March 2009 |
| 520 ## - SUMMARY, ETC. |
| Summary, etc |
London Private investigator Maisie Dobbs is drawn into an terrorist investigation after the Home Secretary's office opens a threatening letter that features Maisie's name; and meanwhile, Maisie's assistant Billy Beale struggles to aid his wife, who is suffering a deep depression over the loss of their daughter. |
| 521 2# - TARGET AUDIENCE NOTE |
| Target audience note |
Adult |
| Source |
Follett Library Resources |
| 521 2# - TARGET AUDIENCE NOTE |
| Target audience note |
Adult |
| 510 0# - CITATION/REFERENCES NOTE |
| Name of source |
Library Journal |
| 510 0# - CITATION/REFERENCES NOTE |
| Name of source |
Booklist starred |
| 510 0# - CITATION/REFERENCES NOTE |
| Name of source |
Publisher's Weekly |
| 650 #0 - SUBJECT ADDED ENTRY--TOPICAL TERM |
| Topical term or geographic name as entry element |
Dobbs, Maisie (Fictitious character) |
| Form subdivision |
Fiction. |
| 9 (RLIN) |
6393210 |
| 650 #0 - SUBJECT ADDED ENTRY--TOPICAL TERM |
| Topical term or geographic name as entry element |
Women private investigators |
| Geographic subdivision |
England |
| -- |
London |
| Form subdivision |
Fiction. |
| 9 (RLIN) |
5743587 |
| 650 #0 - SUBJECT ADDED ENTRY--TOPICAL TERM |
| Topical term or geographic name as entry element |
World War, 1914-1918 |
| Geographic subdivision |
Great Britain |
| General subdivision |
Veterans |
| Form subdivision |
Fiction. |
| 9 (RLIN) |
6524503 |
| 650 #0 - SUBJECT ADDED ENTRY--TOPICAL TERM |
| Topical term or geographic name as entry element |
World War, 1914-1918 |
| General subdivision |
Psychological aspects |
| Form subdivision |
Fiction. |
| 9 (RLIN) |
5739116 |
| 651 #0 - SUBJECT ADDED ENTRY--GEOGRAPHIC NAME |
| Geographic name |
London (England) |
| Form subdivision |
Fiction. |
| 9 (RLIN) |
5673622 |
| 650 #7 - SUBJECT ADDED ENTRY--TOPICAL TERM |
| Topical term or geographic name as entry element |
Dobbs, Maisie (Fictional character) |
| Form subdivision |
Fiction. |
| Source of heading or term |
sears |
| 9 (RLIN) |
6524504 |
| 650 #7 - SUBJECT ADDED ENTRY--TOPICAL TERM |
| Topical term or geographic name as entry element |
Women private investigators |
| Form subdivision |
Fiction. |
| Source of heading or term |
sears |
| 9 (RLIN) |
5700479 |
| 650 #7 - SUBJECT ADDED ENTRY--TOPICAL TERM |
| Topical term or geographic name as entry element |
World War, 1914-1918 |
| Geographic subdivision |
Great Britain |
| General subdivision |
Veterans |
| Form subdivision |
Fiction. |
| Source of heading or term |
sears |
| 9 (RLIN) |
6524503 |
| 650 #7 - SUBJECT ADDED ENTRY--TOPICAL TERM |
| Topical term or geographic name as entry element |
World War, 1914-1918 |
| General subdivision |
Psychological aspects |
| Form subdivision |
Fiction. |
| Source of heading or term |
sears |
| 9 (RLIN) |
5739116 |
| 651 #7 - SUBJECT ADDED ENTRY--GEOGRAPHIC NAME |
| Geographic name |
London (England) |
| Form subdivision |
Fiction. |
| Source of heading or term |
sears |
| 9 (RLIN) |
5673622 |
| 650 #7 - SUBJECT ADDED ENTRY--TOPICAL TERM |
| Topical term or geographic name as entry element |
Mystery fiction. |
| Source of heading or term |
sears |
| 9 (RLIN) |
6323233 |
| 650 #7 - SUBJECT ADDED ENTRY--TOPICAL TERM |
| Topical term or geographic name as entry element |
Historical fiction. |
| Source of heading or term |
sears |
| 9 (RLIN) |
6323234 |
| 655 #7 - INDEX TERM--GENRE/FORM |
| Genre/form data or focus term |
Mystery fiction. |
| Source of term |
gsafd |
| 9 (RLIN) |
6323235 |
| 655 #7 - INDEX TERM--GENRE/FORM |
| Genre/form data or focus term |
Historical fiction. |
| Source of term |
gsafd |
| 9 (RLIN) |
6323236 |
| 800 1# - SERIES ADDED ENTRY--PERSONAL NAME |
| Personal name |
Winspear, Jacqueline, |
| Dates associated with a name |
1955- |
| Title of a work |
Maisie Dobbs novel. |
| 9 (RLIN) |
5773085 |
| 942 ## - ADDED ENTRY ELEMENTS (KOHA) |
| Koha item type |
UNKNOWN |